LEADER 03035nam 22007335 450 001 9910983069103321 005 20251116222207.0 010 $a9783031808968 010 $a3031808967 024 7 $a10.1007/978-3-031-80896-8 035 $a(MiAaPQ)EBC31915110 035 $a(Au-PeEL)EBL31915110 035 $a(CKB)37663517700041 035 $a(DE-He213)978-3-031-80896-8 035 $a(OCoLC)1501147160 035 $a(EXLCZ)9937663517700041 100 $a20250220d2025 u| 0 101 0 $aeng 135 $aurcnu|||||||| 181 $ctxt$2rdacontent 182 $cc$2rdamedia 183 $acr$2rdacarrier 200 10$aFriction Stir Welding and Processing XIII /$fedited by Yuri Hovanski, Yutaka Sato, Piyush Upadhyay, Nilesh Kumar, Anton A. Naumov 205 $a1st ed. 2025. 210 1$aCham :$cSpringer Nature Switzerland :$cImprint: Springer,$d2025. 215 $a1 online resource (338 pages) 225 1 $aThe Minerals, Metals & Materials Series,$x2367-1696 311 08$a9783031808951 311 08$a3031808959 330 $aThis volume presents fundamentals and the current status of friction stir welding (FSW) and solid-state friction stir processing of materials and provides researchers and engineers with an opportunity to review the current status of the friction stir related processes and discuss the future possibilities. Contributions cover various aspects of friction stir welding and processing including their derivative technologies. Topics include but are not limited to: Additive friction stir technologies Friction stir extrusion technologies High temperature applications Industrial applications Friction stir spot technologies Dissimilar alloys and materials Lightweight alloys Simulation, characterization, and non-destructive examination techniques. 410 0$aThe Minerals, Metals & Materials Series,$x2367-1696 606 $aMetals 606 $aMaterials 606 $aBuilding materials 606 $aIndustrial engineering 606 $aProduction engineering 606 $aMetals and Alloys 606 $aMetal-organic Frameworks 606 $aSteel, Light Metal 606 $aIndustrial and Production Engineering 606 $aProcess Engineering 615 0$aMetals. 615 0$aMaterials. 615 0$aBuilding materials. 615 0$aIndustrial engineering. 615 0$aProduction engineering. 615 14$aMetals and Alloys. 615 24$aMetal-organic Frameworks. 615 24$aSteel, Light Metal. 615 24$aIndustrial and Production Engineering. 615 24$aProcess Engineering. 676 $a620.16 700 $aHovanski$b Yuri$01785890 701 $aSato?$b Yutaka$01785891 701 $aUpadhyay$b Piyush$01785892 701 $aKumar$b Nilesh$0918521 701 $aNaumov$b Anton A$01785893 801 0$bMiAaPQ 801 1$bMiAaPQ 801 2$bMiAaPQ 906 $aBOOK 912 $a9910983069103321 996 $aFriction Stir Welding and Processing XIII$94317344 997 $aUNINA